Determinants of employer branding and its impact on employer attractiveness in banking sector (Record no. 128426)

MARC details
000 -LEADER
fixed length control field 00396nam a2200145Ia 4500
008 - FIXED-LENGTH DATA ELEMENTS--GENERAL INFORMATION
fixed length control field 230917s9999||||xx |||||||||||||| ||und||
040 ## - CATALOGING SOURCE
-- 255746
Original cataloging agency VIVEKANANDA LIBRARY
041 ## - Language
-- English
082 ## - DDC NUMBER
Classification number 658.8 Y21D
100 ## - MAIN ENTRY--PERSONAL NAME
Personal name Yadav, Ritu
245 #0 - TITLE STATEMENT
Title Determinants of employer branding and its impact on employer attractiveness in banking sector
260 ## - PUBLICATION, DISTRIBUTION, ETC. (IMPRINT)
Date of publication, distribution, etc 2018
300 ## - PHYSICAL DESCRIPTION
Pages xiv, 164 p.
942 ## - ADDED ENTRY ELEMENTS (KOHA)
Koha item type Thesis
Holdings
Withdrawn status Lost status Damaged status Not for loan Location (home branch) Sublocation or collection (holding branch) Shelving location Date acquired Koha issues (times borrowed) Koha full call number Accession No. Koha date last seen Koha item type
        VIVEKANANDA LIBRARY VIVEKANANDA LIBRARY IMSAR Library 06/05/2019   658.8 Y21D 224218 17/09/2023 Thesis
© Designed and Maintained by Vivekananda Library, MDU Rohtak